000 00711nam a2200265Ia 4500
005 20260306164304.0
008 008 260114s9999 xx 000 0 eng d
020 _a9781529208375
037 _aEBOOK
040 _aCRL
040 _beng
040 _cCRL
041 _2eng
041 _aeng
084 _qCRL
100 _aDe Saille, Medvecky, Van Oudheusden, Albertson, Amanatidou, Birabi, Pansera
_91130359
245 0 _aResponsibility Beyond Growth: A Case For Responsible Stagnation
260 _bThe Policy Press
260 _c2021
650 _aEconomics & Finance
856 _uhttps://academic.oup.com/book/37670
942 _cEBOOK
999 _c1713520
_d1713520